000 00871cam a2200277 i 4500
001 000018138
005 20200929165354.0
008 750108t19691963fr b 001 0 fre
035 _a(DLC) 74195391
040 _aDO-SdBNP
_cDLC
_dDLC
_dBNPHU
050 0 0 _aPQ305
_b.B55 1973
082 _axxxxx
_bB682e
100 1 _aBoisdeffre, Pierre de
_939301
245 1 4 _aLes ecrivains francais d'aujourd'hui /
_cPierre de Boisdeffre.
250 _a4a ed.
260 _aParís :
_bPresses universitaires de France,
_c1969,.
300 _a127 p. ;
_c18 cm.
490 0 _aQue sais-je? ;
_v1057
504 _aIncluye bibliografía: [p. 125.]
500 _aIncluye índeice
650 0 _aFrench literature
_y20th century
_xHistory and criticism.
_939302
830 0 _aQue sais-je? ;
_n1057
_939303
910 _aCatalogación derivada
082 0 0 _a840/.9/0091
049 _aBNGR
999 _c17659
_d17659